|
|
|
|
| LEADER |
00000nam a2200000 i 4500 |
| 001 |
1/37760 |
| 008 |
950927s1988 eng d |
| 020 |
|
|
|a 0-566-05587-2
|
| 035 |
|
|
|l 10024737
|
| 040 |
|
|
|a GR-MY-UA
|b gre
|e aacr
|
| 041 |
0 |
|
|a eng
|
| 082 |
0 |
|
|a 330.940558
|
| 100 |
1 |
|
|a Molle, Willem.
|
| 245 |
1 |
0 |
|a Regional impact community policies in Europe /
|c Willem Molle, Riccardo Cappellin (eds.)
|
| 260 |
|
|
|a Aldershot, Brookfield USA :
|b Avebury,
|c 1988
|
| 300 |
|
|
|a 200 p.
|
| 500 |
|
|
|a Includes bibliographies
|
| 650 |
0 |
0 |
|a Regional planning
|z European Economic Community countries.
|
| 651 |
|
0 |
|a European Economic Community countries
|x Economic conditions
|x Regional disparities.
|
| 651 |
|
0 |
|a Europe
|x Economic integration.
|
| 700 |
1 |
|
|a Cappellin, Riccardo.
|
| 852 |
|
|
|a INST
|b CHIOS
|e 19950927
|h 330.940558 REG
|p 005200001403
|q 005200001403
|t BK
|y 0
|
| 909 |
|
|
|a Χ
|b 037708
|